| 000 -LEADER |
| fixed length control field |
02021cam a2200421 i 4500 |
| 001 - CONTROL NUMBER |
| control field |
20158167 |
| 005 - DATE AND TIME OF LATEST TRANSACTION |
| control field |
20250319111825.0 |
| 008 - FIXED-LENGTH DATA ELEMENTS--GENERAL INFORMATION |
| fixed length control field |
171130s2018 enk b 001 0 eng |
| 010 ## - LIBRARY OF CONGRESS CONTROL NUMBER |
| LC control number |
2017057547 |
| 020 ## - INTERNATIONAL STANDARD BOOK NUMBER |
| International Standard Book Number |
9781108482714 (hardback : alk. paper) |
| 040 ## - CATALOGING SOURCE |
| Original cataloging agency |
DLC |
| Language of cataloging |
eng |
| Transcribing agency |
DLC |
| Description conventions |
rda |
| Modifying agency |
DLC |
| 041 1# - LANGUAGE CODE |
| Language code of text/sound track or separate title |
eng |
| Language code of original |
fre |
| 042 ## - AUTHENTICATION CODE |
| Authentication code |
pcc |
| 043 ## - GEOGRAPHIC AREA CODE |
| Geographic area code |
e-fr--- |
| -- |
n-us--- |
| -- |
cl----- |
| 050 00 - LIBRARY OF CONGRESS CALL NUMBER |
| Classification number |
K487.P65 |
| Item number |
G3613 2018 |
| 082 00 - DEWEY DECIMAL CLASSIFICATION NUMBER |
| Classification number |
340.115 |
| Author Mark |
GAR |
| 100 1# - MAIN ENTRY--PERSONAL NAME |
| Personal name |
García Villegas, Mauricio |
| Relator term |
author. |
| 9 (RLIN) |
128488 |
| 240 10 - UNIFORM TITLE |
| Uniform title |
Pouvoirs du droit. |
| Language of a work |
English |
| 245 14 - TITLE STATEMENT |
| Title |
The powers of law : |
| Remainder of title |
a comparative analysis of sociopolitical legal studies / |
| Statement of responsibility, etc. |
Mauricio García Villegas, National University of Colombia. |
| 264 #1 - PRODUCTION, PUBLICATION, DISTRIBUTION, MANUFACTURE, AND COPYRIGHT NOTICE |
| Place of production, publication, distribution, manufacture |
Cambridge, United Kingdom ; |
| -- |
New York, NY : |
| Name of producer, publisher, distributor, manufacturer |
Cambridge University Press, |
| Date of production, publication, distribution, manufacture, or copyright notice |
[2018] |
| 300 ## - PHYSICAL DESCRIPTION |
| Extent |
xi, 219 pages ; |
| Dimensions |
24 cm. |
| 336 ## - CONTENT TYPE |
| Content type term |
text |
| Content type code |
txt |
| Source |
rdacontent |
| 337 ## - MEDIA TYPE |
| Media type term |
unmediated |
| Media type code |
n |
| Source |
rdamedia |
| 338 ## - CARRIER TYPE |
| Carrier type term |
volume |
| Carrier type code |
nc |
| Source |
rdacarrier |
| 490 0# - SERIES STATEMENT |
| Series statement |
Cambridge studies in law and society |
| 504 ## - BIBLIOGRAPHY, ETC. NOTE |
| Bibliography, etc. note |
Includes bibliographical references (pages 162-211) and index. |
| 505 0# - FORMATTED CONTENTS NOTE |
| Formatted contents note |
A sociopolitical understanding of law -- The symbolic uses of law : at the heart of a political sociology of law -- Legal fields and the social sciences in France and the United States -- Sociopolitical legal studies in the United States -- Sociopolitical legal studies in France -- Conclusion : the present and future of sociopolitical legal studies. |
| 650 #0 - SUBJECT ADDED ENTRY--TOPICAL TERM |
| Topical term or geographic name entry element |
Law |
| General subdivision |
Political aspects. |
| 9 (RLIN) |
128489 |
| 650 #0 - SUBJECT ADDED ENTRY--TOPICAL TERM |
| Topical term or geographic name entry element |
Sociological jurisprudence. |
| 9 (RLIN) |
128438 |
| 650 #0 - SUBJECT ADDED ENTRY--TOPICAL TERM |
| Topical term or geographic name entry element |
Power (Social sciences) |
| 9 (RLIN) |
11467 |
| 650 #0 - SUBJECT ADDED ENTRY--TOPICAL TERM |
| Topical term or geographic name entry element |
Effectiveness and validity of law. |
| 9 (RLIN) |
128490 |
| 651 #0 - SUBJECT ADDED ENTRY--GEOGRAPHIC NAME |
| Geographic name |
France |
| General subdivision |
Politics and government. |
| 9 (RLIN) |
128491 |
| 651 #0 - SUBJECT ADDED ENTRY--GEOGRAPHIC NAME |
| Geographic name |
United States |
| General subdivision |
Politics and government. |
| 9 (RLIN) |
8166 |
| 651 #0 - SUBJECT ADDED ENTRY--GEOGRAPHIC NAME |
| Geographic name |
Latin America |
| General subdivision |
Politics and government. |
| 9 (RLIN) |
128492 |
| 906 ## - LOCAL DATA ELEMENT F, LDF (RLIN) |
| a |
7 |
| b |
cbc |
| c |
orignew |
| d |
1 |
| e |
ecip |
| f |
20 |
| g |
y-gencatlg |
| 942 ## - ADDED ENTRY ELEMENTS (KOHA) |
| Source of classification or shelving scheme |
|
| Koha item type |
Book |